LEADER 01135nam a2200277 i 4500 001 991000559809707536 005 20020503185225.0 008 960514s1992 it ||| | ita 020 $a8802045852 035 $ab10095640-39ule_inst 035 $aLE02518280$9ExL 040 $aFac. Economia$bita 082 0 $a343.4505262 100 1 $aD'Amati, Nicola$0137376 245 12$aL'imposta sul reddito delle persone fisiche :$bil Titolo 1. del D.P.R. n. 917 del 1986 commentato articolo per articolo /$cNicola D'Amati ; con la collaborazione di F. Astolfi... [et al.] 260 $aTorino :$bUTET,$cc1992 300 $axix, 751 p. ;$c25 cm 440 3$aIl diritto attuale ;$v14 650 4$aImposta sul redditto delle persone fisiche$zItalia$xLegislazione 700 1 $aAstolfi, Fulvia 907 $a.b10095640$b21-09-06$c27-06-02 912 $a991000559809707536 945 $aLE025 ECO 340 DIR01.01$cV. 14$g1$i2025000005259$lle025$o-$pE0.00$q-$rl$s- $t0$u1$v0$w1$x0$y.i10111426$z27-06-02 996 $aImposta sul reddito delle persone fisiche$9196998 997 $aUNISALENTO 998 $ale025$b01-01-96$cm$da $e-$fita$git $h2$i1 LEADER 01959nam 2200445I 450 001 9910707628003321 005 20161013104335.0 035 $a(CKB)5470000002466261 035 $a(OCoLC)960640659 035 $a(EXLCZ)995470000002466261 100 $a20161013j199004 ua 0 101 0 $aeng 135 $aur||||||||||| 181 $ctxt$2rdacontent 182 $cc$2rdamedia 183 $acr$2rdacarrier 200 10$aAssessment of RELAP5/MOD2 code using loss of offsite power transient data of KNU #1 plant /$fprepared by Bud-Dong Chung, Hho-Jung Kim, Young-Jin Lee 210 1$aWashington, DC :$cOffice of Nuclear Regulatory Research, U.S. Nuclear Regulatory Commission,$dApril 1990. 215 $a1 online resource (v, 89 pages) $cillustrations 225 1 $aInternational agreement report ;$vNUREG/IA-0030. 300 $a"Nuclear Safety Center, Korea Advanced Energy Research Institute." 300 $a"Department of Nuclear Engineering, Seoul National University." 300 $a"April 1990." 300 $a"Prepared as part of the Agreement on Research Participation and Technical Exchange under the International Thermal-Hydraulic Code Assessment and Application Program (ICAP)." 300 $a"Technical"--Bibliographic data sheet. 320 $aIncludes bibliographical references (page 34). 606 $aPressurized water reactors$xSafety measures$xComputer programs 606 $aTransients (Dynamics)$xComputer programs 615 0$aPressurized water reactors$xSafety measures$xComputer programs. 615 0$aTransients (Dynamics)$xComputer programs. 700 $aChung$b B. D$g(Bub Dong),$01401000 702 $aKim$b H. J$g(Hho Jung), 702 $aLee$b Young Jin 712 02$aU.S. Nuclear Regulatory Commission.$bOffice of Nuclear Regulatory Research, 801 0$bGPO 801 1$bGPO 906 $aBOOK 912 $a9910707628003321 996 $aAssessment of RELAP5$93468987 997 $aUNINA